World Land & Forest Fire Hazards : an international conference & exhibition : "reviewing global perspectives and seeking strategies for future challenges, 10-12 June 2002, Kuala Lumpur, Malaysia

Bibliographic Details
Corporate Author: WORLD Land & Forest Fire Hazards
Format: Book
Published: Kuala Lumpur : (s.l.) , 2002
Subjects:

MARC

LEADER 00000cam a2200000 7i4500
001 0000002045
005 20020909.0
090 0 0 |a C634.9618   |b WOR 2002 
110 1 0 |a WORLD Land & Forest Fire Hazards   |k 2002   |j Kuala Lumpur 
245 1 0 |a World Land & Forest Fire Hazards : an international conference & exhibition :   |b "reviewing global perspectives and seeking strategies for future challenges, 10-12 June 2002, Kuala Lumpur, Malaysia 
260 0 0 |a Kuala Lumpur :   |b (s.l.) ,   |c 2002 
300 |a various pagings :   |b ill. ;   |c 30 cm. 
500 0 0 |a Includes bibliographical references 
650 0 0 |a Forest fires   |x Congresses 
998 |a JPSM 
999 |a 0000003406   |b Seminar Papers   |c Conference kit   |e Default branch